Normal view
MARC view
- DRAMMA - BIOGRAF
Entry Topical Term
001 - CONTROL NUMBER
- control field: 40932
003 - CONTROL NUMBER IDENTIFIER
- control field: IT-RoPau
005 - DATE AND TIME OF LATEST TRANSACTION
- control field: 20151126160411.0
008 - FIXED-LENGTH DATA ELEMENTS
- fixed length control field: 151126|| aca||aabn | a|a d
040 ## - CATALOGING SOURCE
- Original cataloging agency: IT-RoPau
- Transcribing agency: IT-RoPau
150 ## - HEADING--TOPICAL TERM
- Topical term or geographic name entry element: DRAMMA - BIOGRAF
- : DVD-FILM [DVD]
- General subdivision: Codice MATERIA SPICS: 9947
670 ## - SOURCE DATA FOUND
- Source citation: Work cat.: (IT-RoPau)105353: Gasparini Ludovico Codice regista SPICS: 58001 40930, DON BOSCO DON BOSCO (Rif. Codice opera principale : H5285)